000 00391nam a2200157Ia 4500
005 20240807062238.0
008 240806s9999||||xx |||||||||||||| ||eng||
041 _aeng
082 _a891.432
_bNALM
100 _aDr. Chakradhar Malin
245 0 _aMero drad n jano koy /
_cDr. Chakradhar Malin
260 _bVibha Prakashan All
300 _a52
650 _aGeneral Studies
942 _cBK
999 _c12996
_d12996